[Event "3rd 4NCL Easter Congress"]
[Site "Mercure Daventry Court Hotel"]
[Date "2023.04.09"]
[Round "4"]
[Board "18"]
[White "Verma, Shlok"]
[Black "Miller, George I"]
[Result "1/2-1/2"]
[WhiteElo "1950"]
[BlackElo "1841"]
[PlyCount "42"]
[EventDate "2023.04.07"]
[EventRounds "7"]
[EventCountry "ENG"]

1. d4 Nf6 2. c4 e6 3. Nf3 Bb4+ 4. Bd2 Qe7 5. a3 Bxd2+ 6. Qxd2 O-O 7. Nc3 d6 8. e3
a5 9. Be2 e5 10. O-O Bg4 11. h3 Bh5 12. d5 Na6 13. Nh4 Nc5 14. Qd1 Bxe2 15. Qxe2
Nfe4 16. Nxe4 Nxe4 17. Qg4 Nd2 18. Rfd1 Nb3 19. Rab1 g6 20. Nf3 Kg7 21. Nd2 f5  1/2-1/2

[Event "3rd 4NCL Easter Congress"]
[Site "Mercure Daventry Court Hotel"]
[Date "2023.04.09"]
[Round "4"]
[Board "19"]
[White "Ackley, Peter JE"]
[Black "Kothari, Jai"]
[Result "1/2-1/2"]
[WhiteElo "1931"]
[BlackElo "1722"]
[PlyCount "95"]
[EventDate "2023.04.07"]
[EventRounds "7"]
[EventCountry "ENG"]

1. g3 e5 2. c4 g6 3. Bg2 Bg7 4. Nc3 f5 5. d3 Nf6 6. e3 O-O 7. Nge2 c6 8. b4 d5 9.
cxd5 Nxd5 10. Nxd5 cxd5 11. Qb3 e4 12. Bb2 Bxb2 13. Qxb2 Be6 14. O-O Qb6 15. Rfd1
Nc6 16. dxe4 dxe4 17. Rd6 Bf7 18. a3 Qc7 19. Rad1 Rad8 20. Rxd8 Rxd8 21. Rd2 Rxd2
22. Qxd2 Ne5 23. Nd4 a6 24. h3 Kf8 25. Bf1 Ke7 26. Be2 Bc4 27. Bd1 Bd3 28. Bb3 Qd7
29. Qc3 b6 30. Kg2 h6 31. f4 exf3+ 32. Nxf3 Nxf3 33. Qg7+ Kd8 34. Qxd7+ Kxd7 35.
Kxf3 Kd6 36. h4 Ke5 37. Bf7 g5 38. hxg5 hxg5 39. Be8 g4+ 40. Kf2 Be4 41. Ke2 Bg2
42. Kd3 Bf1+ 43. Kd2 Bb5 44. Bxb5 axb5 45. Kd3 Kd5 46. Kd2 Kd6 47. Kd3 Ke5 48. Kd2
 1/2-1/2

[Event "3rd 4NCL Easter Congress"]
[Site "Mercure Daventry Court Hotel"]
[Date "2023.04.09"]
[Round "4"]
[Board "20"]
[White "Subramanian, Anusha"]
[Black "Ireland, David J"]
[Result "1-0"]
[WhiteElo "1827"]
[BlackElo "1932"]
[PlyCount "82"]
[EventDate "2023.04.07"]
[EventRounds "7"]
[EventCountry "ENG"]

1. d4 Nf6 2. c4 c5 3. d5 b5 4. cxb5 a6 5. e3 g6 6. Nc3 Bg7 7. Nf3 O-O 8. Be2 axb5
9. Bxb5 d6 10. O-O Ba6 11. a4 e6 12. dxe6 fxe6 13. Bxa6 Nxa6 14. e4 d5 15. Bg5 d4
16. Nb5 Qb8 17. Bxf6 Bxf6 18. e5 Be7 19. h4 Nb4 20. h5 gxh5 21. Qd2 Rxf3 22. gxf3
Qxe5 23. Rae1 Qf5 24. Qe2 Qg5+ 25. Kh1 Qh4+ 26. Kg2 Kh8 27. Qe5+ Bf6 28. Qh2 Qg5+
29. Qg3 Qf5 30. Nd6 Qg6 31. Qxg6 hxg6 32. Rxe6 Nd5 33. Re8+ Rxe8 34. Nxe8 Be5 35.
a5 Kg8 36. a6 Bb8 37. Ra1 Ba7 38. Nd6 Nb4 39. Nb5 Nc6 40. Nxa7 Nxa7 41. Rc1 Nb5  1-0

[Event "3rd 4NCL Easter Congress"]
[Site "Mercure Daventry Court Hotel"]
[Date "2023.04.09"]
[Round "4"]
[Board "21"]
[White "Moyse, Nigel J"]
[Black "Moss, Jack O"]
[Result "1-0"]
[WhiteElo "1968"]
[BlackElo "1814"]
[PlyCount "39"]
[EventDate "2023.04.07"]
[EventRounds "7"]
[EventCountry "ENG"]

1. e4 e5 2. Nf3 Nc6 3. d4 exd4 4. Bc4 Nf6 5. e5 Ne4 6. O-O Be7 7. Re1 d5 8. Bb5 Bg4
9. h3 Bxf3 10. gxf3 Nxf2 11. Kxf2 Bh4+ 12. Kg2 Bxe1 13. Qxe1 O-O 14. Qg3 Kh8 15.
c3 d3 16. Bxd3 Qe7 17. Bg5 Qe6 18. Qh4 h6 19. Bf6 Kg8 20. Qg3  1-0

[Event "3rd 4NCL Easter Congress"]
[Site "Mercure Daventry Court Hotel"]
[Date "2023.04.09"]
[Round "4"]
[Board "22"]
[White "Cast, Julian"]
[Black "Gibbon, Eric"]
[Result "1-0"]
[WhiteElo "1890"]
[BlackElo "1847"]
[PlyCount "69"]
[EventDate "2023.04.07"]
[EventRounds "7"]
[EventCountry "ENG"]

1. d4 d6 2. Nf3 Nf6 3. e3 c6 4. b3 Qa5+ 5. Bd2 Qc7 6. Bc3 Bg4 7. Nbd2 e6 8. h3 Bh5
9. Bb2 d5 10. g4 Bg6 11. Ne5 Nbd7 12. Nxg6 hxg6 13. Bg2 e5 14. dxe5 Nxe5 15. Qe2
O-O-O 16. O-O-O Bd6 17. Kb1 Rhe8 18. g5 Nh5 19. Bf3 Nxf3 20. Qxf3 Be5 21. Qg4+ Kb8
22. Bxe5 Rxe5 23. h4 Qe7 24. Rh3 b6 25. Rf3 d4 26. Nc4 Re4 27. Rxf7 Rxg4 28. Rxe7
Rxh4 29. Ne5 Rd6 30. Rxd4 Rhxd4 31. exd4 Nf4 32. Kb2 Ne6 33. Nxc6+ Rxc6 34. d5 Rc7
35. Rxe6  1-0

[Event "3rd 4NCL Easter Congress"]
[Site "Mercure Daventry Court Hotel"]
[Date "2023.04.09"]
[Round "4"]
[Board "23"]
[White "Gurner, Jem"]
[Black "Guha, Chirag"]
[Result "1/2-1/2"]
[WhiteElo "1851"]
[BlackElo "1725"]
[PlyCount "60"]
[EventDate "2023.04.07"]
[EventRounds "7"]
[EventCountry "ENG"]

1. d4 d5 2. Nc3 Nf6 3. Bf4 Bf5 4. e3 e6 5. Bd3 Bxd3 6. cxd3 c5 7. dxc5 Bxc5 8. d4
Bb4 9. Nge2 Ne4 10. Bxb8 Bxc3+ 11. Nxc3 Nxc3 12. bxc3 Qxb8 13. Qa4+ b5 14. Qb4 a6
15. O-O Kd7 16. a4 Rc8 17. Rfb1 Qd6 18. Qb3 bxa4 19. Qxa4+ Qc6 20. Rb7+ Rc7 21. Rxc7+
Kxc7 22. Qa5+ Qb6 23. Qa3 Kd7 24. g3 a5 25. Ra2 a4 26. Rb2 Qc6 27. Rb4 Kc7 28. Rb1
Kd7 29. Rb4 Kc7 30. Rb1 Kd7  1/2-1/2

[Event "3rd 4NCL Easter Congress"]
[Site "Mercure Daventry Court Hotel"]
[Date "2023.04.09"]
[Round "4"]
[Board "24"]
[White "Kay, Lee P"]
[Black "Boggarapu, Kritan"]
[Result "1-0"]
[WhiteElo "1923"]
[BlackElo "1972"]
[PlyCount "95"]
[EventDate "2023.04.07"]
[EventRounds "7"]
[EventCountry "ENG"]

1. d4 Nf6 2. Nc3 d5 3. Bf4 Bf5 4. f3 e6 5. g4 Bg6 6. h4 h6 7. e3 c6 8. Bd3 Bxd3 9.
Qxd3 Bd6 10. Nge2 Bxf4 11. Nxf4 Qd6 12. O-O-O Na6 13. g5 Nd7 14. gxh6 gxh6 15. Rhg1
Qe7 16. Rg7 O-O-O 17. Rdg1 Qf6 18. Qf1 Nc7 19. Nd3 Ne8 20. R7g4 Nd6 21. Qh3 Rdf8
22. e4 Qxd4 23. e5 Qe3+ 24. Kb1 Nc4 25. Re1 Qb6 26. b3 Qa5 27. bxc4 Qxc3 28. cxd5
cxd5 29. Qg3 Nb6 30. Nb2 Qc6 31. Qf4 Kb8 32. Rg2 Qb5 33. a4 Qc6 34. Re3 Qc7 35. a5
Nd7 36. a6 f6 37. axb7 Nxe5 38. Qa4 Qc5 39. Rb3 Nc6 40. Nd3 Qd6 41. Rb5 Kc7 42. Rg7+
Kd8 43. Nb4 Nb8 44. Qa5+ Ke8 45. Rc5 Rf7 46. Rc8+ Ke7 47. Rxf7+ Kxf7 48. Rxh8  1-0

[Event "3rd 4NCL Easter Congress"]
[Site "Mercure Daventry Court Hotel"]
[Date "2023.04.09"]
[Round "4"]
[Board "25"]
[White "Hertog, Alexander"]
[Black "Gardiner, Eric D"]
[Result "1/2-1/2"]
[WhiteElo "1585"]
[BlackElo "1860"]
[PlyCount "49"]
[EventDate "2023.04.07"]
[EventRounds "7"]
[EventCountry "ENG"]

1. d4 d5 2. c4 dxc4 3. e4 e5 4. d5 Nf6 5. Nc3 b5 6. Bg5 a6 7. a4 b4 8. Nb1 Bc5 9.
f3 Qd6 10. Qe2 Nbd7 11. Qxc4 a5 12. Qc2 Qb6 13. Nh3 Be3 14. Bh4 Ba6 15. Nd2 Bxf1
16. Rxf1 O-O 17. Bf2 Bxf2+ 18. Rxf2 Rac8 19. Rc1 Ne8 20. Qc6 Nef6 21. Nc4 Qxc6 22.
dxc6 Nc5 23. Nxe5 Nxa4 24. Ra1 Nb6 25. Rxa5  1/2-1/2

[Event "3rd 4NCL Easter Congress"]
[Site "Mercure Daventry Court Hotel"]
[Date "2023.04.09"]
[Round "4"]
[Board "26"]
[White "Dicen, Elis Denele"]
[Black "Pyda, Arjun"]
[Result "1-0"]
[WhiteElo "1872"]
[BlackElo "1692"]
[PlyCount "85"]
[EventDate "2023.04.07"]
[EventRounds "7"]
[EventCountry "ENG"]

1. d4 Nf6 2. c4 c5 3. d5 b5 4. cxb5 a6 5. bxa6 Bxa6 6. Nc3 g6 7. e4 Bxf1 8. Kxf1
d6 9. Nf3 Nbd7 10. g3 Bg7 11. Kg2 O-O 12. a4 Qb6 13. Ra3 Rfb8 14. Nd2 Qa6 15. Nb5
Ne8 16. Qc2 Nb6 17. b3 Nd7 18. Nc4 Qb7 19. Bd2 Nc7 20. Na5 Qb6 21. Nc4 Qb7 22. Nxc7
Qxc7 23. Bc3 Rb7 24. Rha1 Nb6 25. Bxg7 Nxc4 26. Qxc4 Kxg7 27. a5 Rb4 28. Qc3+ Kg8
29. Ra4 Rb5 30. b4 Qb7 31. a6 Qb6 32. bxc5 dxc5 33. a7 Qc7 34. Ra6 Qb7 35. Rc6 f6
36. Rxc5 Rb1 37. Rxb1 Qxb1 38. Rc8+ Rxc8 39. Qxc8+ Kg7 40. a8=Q Qxe4+ 41. Kh3 Kh6
42. Qg4 Qe1 43. Qf8#  1-0

[Event "3rd 4NCL Easter Congress"]
[Site "Mercure Daventry Court Hotel"]
[Date "2023.04.09"]
[Round "4"]
[Board "27"]
[White "Briggs, John Nicholas"]
[Black "Ali, Golam S"]
[Result "1/2-1/2"]
[WhiteElo "1994"]
[BlackElo "1781"]
[PlyCount "128"]
[EventDate "2023.04.07"]
[EventRounds "7"]
[EventCountry "ENG"]

1. e4 d5 2. exd5 Nf6 3. Nc3 Nxd5 4. g3 e5 5. Bg2 c6 6. Nf3 Bg4 7. h3 Nxc3 8. bxc3
Bh5 9. g4 e4 10. Nd4 Bg6 11. Qe2 Bc5 12. Rb1 b6 13. h4 h6 14. h5 Bh7 15. Bxe4 O-O
16. Bxh7+ Kxh7 17. Qf3 Bxd4 18. cxd4 Qxd4 19. Kd1 Nd7 20. Bb2 Qd6 21. Qf5+ Kg8 22.
g5 Rad8 23. gxh6 Qxh6 24. Rg1 Nf6 25. Bc3 Qxh5+ 26. Qxh5 Nxh5 27. Rb4 g6 28. Rh4
Rd5 29. Re4 Rfd8 30. Re7 R5d7 31. Rge1 Ng7 32. R7e3 c5 33. Rh1 f5 34. Rg1 Kf7 35.
Kc1 Re8 36. Rh3 Nh5 37. d3 Nf4 38. Rh7+ Ke6 39. Re1+ Kd6 40. Rxe8 Rxh7 41. Be5+ Kd7
42. Ra8 Rh1+ 43. Kd2 Nh3 44. Rxa7+ Ke6 45. f4 Rh2+ 46. Ke3 Ng1 47. d4 c4 48. d5+
Kxd5 49. Rd7+ Kc6 50. Rc7+ Kb5 51. a4+ Kxa4 52. Rxc4+ Kb5 53. Rc8 Rh3+ 54. Kf2 g5
55. Kxg1 gxf4 56. Bxf4 Rf3 57. Be5 Re3 58. Bd4 Re4 59. Bf2 Rc4 60. Rxc4 Kxc4 61.
Be1 b5 62. c3 Kd3 63. Kf2 Kc2 64. Ke2 f4  1/2-1/2

[Event "3rd 4NCL Easter Congress"]
[Site "Mercure Daventry Court Hotel"]
[Date "2023.04.09"]
[Round "5"]
[Board "2"]
[White "Verma, Aditya"]
[Black "Shearsby, Jude"]
[Result "0-1"]
[WhiteElo "2149"]
[BlackElo "2041"]
[PlyCount "64"]
[EventDate "2023.04.07"]
[EventRounds "7"]
[EventCountry "ENG"]

1. e4 c5 2. Nf3 d6 3. d4 cxd4 4. Nxd4 Nf6 5. Nc3 a6 6. h3 e5 7. Nde2 h5 8. Bg5 Be6
9. Bxf6 Qxf6 10. Nd5 Qd8 11. Nec3 Nd7 12. a4 g6 13. a5 Rc8 14. b3 Nf6 15. Ra4 Bxd5
16. Nxd5 Nxd5 17. Qxd5 Rxc2 18. Bc4 Rc1+ 19. Ke2 Rc2+ 20. Ke1 Qf6 21. Be2 Bh6 22.
Rc4 Rxc4 23. Bxc4 O-O 24. Ke2 Qg5 25. g3 Kh8 26. Qxd6 Rd8 27. Qc7 Rd2+ 28. Kf1 Rxf2+
29. Kxf2 Qe3+ 30. Kg2 Qxe4+ 31. Kg1 Be3+ 32. Kf1 Qf3+  0-1

[Event "3rd 4NCL Easter Congress"]
[Site "Mercure Daventry Court Hotel"]
[Date "2023.04.09"]
[Round "5"]
[Board "3"]
[White "Turner, Max N"]
[Black "Davies, Nigel R"]
[Result "1/2-1/2"]
[WhiteElo "2264"]
[BlackElo "2381"]
[PlyCount "50"]
[EventDate "2023.04.07"]
[EventRounds "7"]
[EventCountry "ENG"]

1. e4 c5 2. Nf3 g6 3. d4 cxd4 4. Nxd4 Nf6 5. Nc3 d6 6. Be3 a6 7. f3 Bg7 8. Qd2 h5
9. Bc4 b5 10. Bb3 Bb7 11. a4 b4 12. Nd5 Nxd5 13. Bxd5 Bxd5 14. exd5 Qa5 15. Nb3 Qc7
16. Bd4 Bxd4 17. Nxd4 Qc4 18. Nb3 O-O 19. O-O-O Rc8 20. Qd3 Qf4+ 21. Kb1 Nd7 22.
g3 Qf6 23. f4 Nc5 24. Nxc5 Rxc5 25. Rhe1 a5  1/2-1/2

[Event "3rd 4NCL Easter Congress"]
[Site "Mercure Daventry Court Hotel"]
[Date "2023.04.09"]
[Round "5"]
[Board "4"]
[White "Dignam, Matthew P"]
[Black "Okhai, Shabir"]
[Result "1/2-1/2"]
[WhiteElo "2057"]
[BlackElo "2127"]
[PlyCount "68"]
[EventDate "2023.04.07"]
[EventRounds "7"]
[EventCountry "ENG"]

1. d4 Nf6 2. Nf3 e6 3. g3 c5 4. Bg2 cxd4 5. Nxd4 d5 6. O-O e5 7. Nb3 Be6 8. Bg5 Nbd7
9. Nc3 Be7 10. f4 exf4 11. Bxf4 O-O 12. Nxd5 Nxd5 13. Bxd5 Qb6+ 14. Kg2 Rad8 15.
Bxe6 Qxe6 16. Qd3 Bf6 17. c3 Rfe8 18. Rae1 Qb6 19. Qd6 Qb5 20. Qd3 Qa4 21. Qc2 Nc5
22. Rd1 Qc4 23. Rxd8 Bxd8 24. Rf2 Ne4 25. Nd2 Qxa2 26. Nxe4 Qd5 27. Qd3 Qxe4+ 28.
Qxe4 Rxe4 29. Kf3 f5 30. Rf1 Bb6 31. Rd1 Kf7 32. Rd7+ Re7 33. Rxe7+ Kxe7 34. e4 fxe4+
 1/2-1/2

[Event "3rd 4NCL Easter Congress"]
[Site "Mercure Daventry Court Hotel"]
[Date "2023.04.09"]
[Round "5"]
[Board "5"]
[White "Valdepenas Octavio, Javier"]
[Black "Burrows, Martin P"]
[Result "1/2-1/2"]
[WhiteElo "2210"]
[BlackElo "2121"]
[PlyCount "112"]
[EventDate "2023.04.07"]
[EventRounds "7"]
[EventCountry "ENG"]

1. e4 c5 2. Nf3 d6 3. d4 cxd4 4. Nxd4 Nf6 5. Nc3 a6 6. Bg5 e6 7. f4 Be7 8. Qf3 Qc7
9. O-O-O Nbd7 10. g4 b5 11. Bxf6 Nxf6 12. g5 Nd7 13. f5 O-O 14. Rg1 b4 15. Nce2 e5
16. f6 exd4 17. fxe7 Re8 18. Nxd4 Ne5 19. Qe3 Rxe7 20. h4 Be6 21. h5 a5 22. g6 fxg6
23. hxg6 Nxg6 24. Nxe6 Rxe6 25. Qb3 Nf4 26. Bh3 Rae8 27. Bxe6+ Rxe6 28. Rgf1 Qf7
29. Qe3 g5 30. Qb6 Qe7 31. Kb1 Kg7 32. Rh1 Kg6 33. Qxa5 Rxe4 34. Qb6 Kf5 35. Rxd6
Re1+ 36. Rd1 Rxh1 37. Rxh1 h5 38. Qb5+ Kg6 39. Rd1 h4 40. Qc6+ Kf5 41. Qc8+ Kg6 42.
Qc6+ Kf5 43. Qc8+ Kg6 44. Qg4 Qe6 45. Qf3 h3 46. a4 bxa3 47. Qxa3 Qe4 48. Qg3 Qg2
49. Qe1 Qe2 50. Qh1 g4 51. Rg1 Kh5 52. Qc6 h2 53. Rh1 g3 54. b4 Qg2 55. Qc5+ Kg4
56. Qc8+ Kg5  1/2-1/2

[Event "3rd 4NCL Easter Congress"]
[Site "Mercure Daventry Court Hotel"]
[Date "2023.04.09"]
[Round "5"]
[Board "6"]
[White "Walker, Martin G"]
[Black "Chan, Sheng Liang Bernard"]
[Result "1/2-1/2"]
[WhiteElo "2083"]
[BlackElo "2043"]
[PlyCount "47"]
[EventDate "2023.04.07"]
[EventRounds "7"]
[EventCountry "ENG"]

1. e4 c5 2. b4 cxb4 3. d4 d6 4. a3 Nf6 5. Bd3 e5 6. axb4 d5 7. dxe5 Nxe4 8. Bxe4
dxe4 9. Qxd8+ Kxd8 10. Be3 Nc6 11. b5 Nxe5 12. Nc3 Bd7 13. Nge2 Nc4 14. Bd4 a5 15.
bxa6 Rxa6 16. O-O f5 17. Rab1 Kc8 18. Rfd1 h5 19. h4 Rhh6 20. Nf4 Bd6 21. Ncd5 Bxf4
22. Nxf4 Ra2 23. Nd5 Rxc2 24. Rdc1  1/2-1/2

[Event "3rd 4NCL Easter Congress"]
[Site "Mercure Daventry Court Hotel"]
[Date "2023.04.09"]
[Round "5"]
[Board "7"]
[White "Khoury, Theo"]
[Black "Villiers, Thomas"]
[Result "1/2-1/2"]
[WhiteElo "2020"]
[BlackElo "2160"]
[PlyCount "137"]
[EventDate "2023.04.07"]
[EventRounds "7"]
[EventCountry "ENG"]

1. e4 e5 2. Nf3 Nf6 3. Nxe5 d6 4. Nf3 Nxe4 5. d4 d5 6. Bd3 Be7 7. O-O Bf5 8. c4 Nc6
9. Nc3 Nxc3 10. bxc3 Bxd3 11. Qxd3 O-O 12. Bf4 dxc4 13. Qxc4 Bd6 14. Bxd6 Qxd6 15.
Rfe1 Rad8 16. Ne5 Nxe5 17. Rxe5 Rfe8 18. f4 Rxe5 19. fxe5 Qe7 20. Rb1 b6 21. Qc6
Qd7 22. Qb7 c6 23. Qxd7 Rxd7 24. Kf2 f6 25. Re1 fxe5 26. Rxe5 Kf7 27. Ke3 Re7 28.
Ke4 Re6 29. d5 cxd5+ 30. Kxd5 Rf6 31. Re2 Rf5+ 32. Kc6 g5 33. c4 Ra5 34. g4 Kf6 35.
Rd2 Rc5+ 36. Kb7 Rxc4 37. Kxa7 b5 38. Kb6 b4 39. h3 b3 40. axb3 Rb4+ 41. Kc5 Rxb3
42. Rf2+ Kg6 43. Rh2 h5 44. Kd4 Rg3 45. Ke4 hxg4 46. hxg4 Rxg4+ 47. Kf3 Ra4 48. Rb2
Kh5 49. Kg3 Ra3+ 50. Kg2 Kh4 51. Rc2 Rg3+ 52. Kh2 Re3 53. Kg2 Rg3+ 54. Kh2 Rf3 55.
Kg2 Ra3 56. Rb2 Ra4 57. Rc2 Kg4 58. Rb2 Kf4 59. Rf2+ Ke4 60. Kg3 Ra1 61. Kg2 Re1
62. Rf8 Rd1 63. Rf7 Rd4 64. Rf8 Ke3 65. Kg3 Rf4 66. Re8+ Re4 67. Rxe4+ Kxe4 68. Kg4
Ke5 69. Kxg5  1/2-1/2

[Event "3rd 4NCL Easter Congress"]
[Site "Mercure Daventry Court Hotel"]
[Date "2023.04.09"]
[Round "5"]
[Board "8"]
[White "James, Russell A"]
[Black "Dilley, Jason M"]
[Result "1/2-1/2"]
[WhiteElo "2068"]
[BlackElo "2090"]
[PlyCount "228"]
[EventDate "2023.04.07"]
[EventRounds "7"]
[EventCountry "ENG"]

1. e4 d6 2. d4 g6 3. Nc3 Bg7 4. Be3 c6 5. Qd2 b5 6. a3 a6 7. h3 Nd7 8. Nf3 Qc7 9.
Bd3 Bb7 10. O-O h6 11. e5 dxe5 12. dxe5 Nxe5 13. Nxe5 Qxe5 14. Rfe1 Qc7 15. Bc5 Kf8
16. Qe3 Re8 17. Qf3 Bf6 18. h4 h5 19. Ne4 Kg7 20. Ng5 Bc8 21. Be4 Bg4 22. Qb3 Nh6
23. f3 Bc8 24. a4 Qe5 25. Bf2 Qxb2 26. Qxb2 Bxb2 27. Rab1 Bc3 28. Red1 Bf5 29. Bxc6
Bxc2 30. Bxe8 Rxe8 31. axb5 axb5 32. Rbc1 Bxd1 33. Rxc3 b4 34. Rc1 Be2 35. Rb1 Rb8
36. Re1 Bc4 37. Rxe7 Nf5 38. Re1 b3 39. Ne4 b2 40. Nd2 Bd3 41. g4 hxg4 42. fxg4 Nh6
43. Bd4+ Kf8 44. Bc5+ Kg8 45. g5 Nf5 46. Ba3 b1=Q 47. Nxb1 Rxb1 48. Bc1 Nxh4 49.
Kf2 Rb8 50. Bf4 Nf5 51. Bxb8 Kf8 52. Ba7 Bc4 53. Bc5+ Kg7 54. Ba3 Be6 55. Rb1 Kh7
56. Rb8 Ng7 57. Bb2 Bd5 58. Bf6 Bc4 59. Ke1 Bd5 60. Kd2 Ba2 61. Kc3 Be6 62. Kd4 Ba2
63. Ke5 Bc4 64. Kd6 Ba2 65. Ke7 Bd5 66. Rb2 Kg8 67. Kd6 Bc4 68. Ke5 Be6 69. Rb4 Ba2
70. Ra4 Bb3 71. Ra3 Bc4 72. Kd6 Be6 73. Kc5 Bf5 74. Re3 Bb1 75. Rb3 Ba2 76. Rb2 Be6
77. Rh2 Bb3 78. Kd6 Bc4 79. Ke5 Bb3 80. Rb2 Bc4 81. Rb8+ Kh7 82. Kd6 Ba2 83. Ke7
Bd5 84. Kf8 Nh5 85. Be5 Bc4 86. Rb7 Bd5 87. Ra7 Bc4 88. Ra1 Bd5 89. Rd1 Bb3 90. Rf1
Bc4 91. Rf2 Bd5 92. Ke7 Be6 93. Rb2 Bc4 94. Rb8 Ng7 95. Bxg7 Kxg7 96. Rb6 Bd5 97.
Rf6 Bc4 98. Rf4 Bb3 99. Kd6 Be6 100. Ke5 Bb3 101. Rb4 Be6 102. Ra4 Bb3 103. Ra6 Bc4
104. Rb6 Ba2 105. Rb2 Be6 106. Rf2 Bb3 107. Kd4 Be6 108. Rf6 Bb3 109. Kc5 Ba2 110.
Kc6 Bb3 111. Kd7 Bc4 112. Ke7 Bb3 113. Rc6 Bd5 114. Rb6 Bc4  1/2-1/2

[Event "3rd 4NCL Easter Congress"]
[Site "Mercure Daventry Court Hotel"]
[Date "2023.04.09"]
[Round "5"]
[Board "9"]
[White "Madhavan, Sanjith"]
[Black "Yoon, Jacob D"]
[Result "1/2-1/2"]
[WhiteElo "1961"]
[BlackElo "2050"]
[PlyCount "31"]
[EventDate "2023.04.07"]
[EventRounds "7"]
[EventCountry "ENG"]

1. e4 g6 2. d4 Bg7 3. Nc3 d6 4. Be3 a6 5. Qd2 b5 6. O-O-O Bb7 7. f3 Nd7 8. h4 h6
9. Nh3 e6 10. Nf4 Ne7 11. Kb1 Nb6 12. b3 Qd7 13. g4 c5 14. Bh3 Qc7 15. dxc5 dxc5
16. Nce2  1/2-1/2

[Event "3rd 4NCL Easter Congress"]
[Site "Mercure Daventry Court Hotel"]
[Date "2023.04.09"]
[Round "5"]
[Board "10"]
[White "Fava, Lorenzo"]
[Black "White, Stuart A"]
[Result "1/2-1/2"]
[WhiteElo "2107"]
[BlackElo "2051"]
[PlyCount "86"]
[EventDate "2023.04.07"]
[EventRounds "7"]
[EventCountry "ENG"]

1. Nf3 d5 2. b3 Nf6 3. Bb2 Bf5 4. e3 e6 5. Be2 h6 6. Ne5 Nbd7 7. f4 Nxe5 8. fxe5
Nd7 9. O-O Qg5 10. Rf3 h5 11. d4 h4 12. Nc3 O-O-O 13. Qf1 Bg6 14. Bd3 Bh5 15. e4
Bxf3 16. Qxf3 Qh5 17. Qf4 c6 18. exd5 cxd5 19. Rf1 Be7 20. Nb5 a6 21. Qxf7 Qxf7 22.
Rxf7 Rde8 23. Nc3 Bg5 24. Nd1 Re7 25. Rf2 Nb8 26. Ba3 Rd7 27. Bg6 Nc6 28. c3 Be7
29. Bc1 Rf8 30. Rxf8+ Bxf8 31. Nf2 b5 32. b4 a5 33. a3 axb4 34. axb4 Ra7 35. Nd3
Kd7 36. Bd2 Ra2 37. Be1 Be7 38. Bh5 Na7 39. Bg4 g5 40. Kf1 Nc8 41. Be2 Kc6 42. Bg4
Kd7 43. Be2 Kc6  1/2-1/2

[Event "3rd 4NCL Easter Congress"]
[Site "Mercure Daventry Court Hotel"]
[Date "2023.04.09"]
[Round "5"]
[Board "11"]
[White "Thompson, Ian D"]
[Black "Moyse, Nigel J"]
[Result "1-0"]
[WhiteElo "2078"]
[BlackElo "1968"]
[PlyCount "119"]
[EventDate "2023.04.07"]
[EventRounds "7"]
[EventCountry "ENG"]

1. c4 e5 2. g3 Nc6 3. Bg2 Nf6 4. Nc3 Bc5 5. d3 a6 6. Nf3 O-O 7. O-O d6 8. e3 Ba7
9. b3 Bg4 10. h3 Bd7 11. d4 Re8 12. Kh2 exd4 13. Nxd4 Nxd4 14. exd4 Rb8 15. Be3 Bf5
16. Rc1 c6 17. Qf3 Bg6 18. Rfe1 Qa5 19. d5 Bxe3 20. Rxe3 c5 21. Rce1 Rxe3 22. Rxe3
Qc7 23. Qe2 Kf8 24. f4 h5 25. g4 Qd7 26. Bf3 Re8 27. f5 hxg4 28. hxg4 Rxe3 29. Qxe3
Bh7 30. Kg3 Qe7 31. Qxe7+ Kxe7 32. Kf4 Nd7 33. g5 Ne5 34. Be4 Bg8 35. Bc2 Nd7 36.
Bd3 Ne5 37. Be2 Bh7 38. Ne4 Nd7 39. Ng3 Kf8 40. Bf1 Ke7 41. Ne4 Ne5 42. Nxc5 dxc5
43. Kxe5 f6+ 44. Kf4 Kd6 45. g6 Bg8 46. Ke4 a5 47. a3 b6 48. Bd3 Kc7 49. b4 axb4
50. axb4 Kd6 51. Bc2 Kc7 52. bxc5 bxc5 53. Ba4 Kd6 54. Bc6 Ke7 55. Kd3 Kd6 56. Ke4
Ke7 57. Bb5 Kd6 58. Kd3 Ke5 59. Bd7 Kd6 60. Be6  1-0

[Event "3rd 4NCL Easter Congress"]
[Site "Mercure Daventry Court Hotel"]
[Date "2023.04.09"]
[Round "5"]
[Board "12"]
[White "McCumiskey, Andrew P"]
[Black "Cast, Julian"]
[Result "1/2-1/2"]
[WhiteElo "2001"]
[BlackElo "1890"]
[PlyCount "87"]
[EventDate "2023.04.07"]
[EventRounds "7"]
[EventCountry "ENG"]

1. d4 Nf6 2. Nc3 d6 3. e4 Nbd7 4. Nf3 e5 5. Bg5 Be7 6. Bc4 c6 7. dxe5 dxe5 8. O-O
Qc7 9. a4 h6 10. Bh4 Nf8 11. h3 Ng6 12. Bg3 O-O 13. Qe2 Nh5 14. Bh2 Nhf4 15. Qe3
Bd7 16. Ne2 Bg5 17. Nxf4 exf4 18. Nxg5 hxg5 19. Qc3 Rae8 20. f3 Be6 21. Kh1 Ne5 22.
Bxe6 Rxe6 23. Rad1 Rd8 24. Bg1 Rxd1 25. Rxd1 b6 26. Qd4 f6 27. b4 Re7 28. Qd8+ Qxd8
29. Rxd8+ Kf7 30. a5 Rd7 31. Rxd7+ Nxd7 32. Bd4 c5 33. Bc3 Ke6 34. Kg1 Kd6 35. Kf2
bxa5 36. bxc5+ Kxc5 37. Bxa5 Kb5 38. Bc3 a5 39. Ke2 a4 40. Kd2 Kc4 41. Bb2 Kb4 42.
Bc3+ Kc4 43. Bb2 Kb4 44. Bc3+  1/2-1/2

[Event "3rd 4NCL Easter Congress"]
[Site "Mercure Daventry Court Hotel"]
[Date "2023.04.09"]
[Round "5"]
[Board "13"]
[White "Baer, Bruce L"]
[Black "Gibson, Christopher A"]
[Result "1/2-1/2"]
[WhiteElo "1963"]
[BlackElo "1841"]
[PlyCount "103"]
[EventDate "2023.04.07"]
[EventRounds "7"]
[EventCountry "ENG"]

1. Nf3 c5 2. g3 g6 3. Bg2 Bg7 4. d3 Nc6 5. e4 Nf6 6. O-O O-O 7. Re1 d5 8. Nbd2 dxe4
9. dxe4 Qc7 10. c3 e5 11. Nc4 b6 12. Bg5 Be6 13. Bxf6 Bxc4 14. Bxg7 Kxg7 15. Qc2
Rad8 16. Rad1 Rxd1 17. Rxd1 Rd8 18. Rxd8 Qxd8 19. Bf1 Bxf1 20. Kxf1 f6 21. Kg2 Qd7
22. Qa4 Qe6 23. b3 Qd7 24. h4 h5 25. Ne1 Nb8 26. Qc4 Nc6 27. Nc2 Qf7 28. Qb5 Qd7
29. Ne3 Nb8 30. Qc4 Nc6 31. Qb5 Nb8 32. Qe2 Nc6 33. a3 Ne7 34. Qc4 Kf8 35. Nd5 Kg7
36. a4 Nc6 37. Qb5 Nb8 38. Qe2 Nc6 39. f4 exf4 40. gxf4 Ne7 41. Ne3 Qc6 42. Qf3 Qd6
43. Qg3 Qc6 44. Qf3 Qd6 45. Nd5 Qe6 46. f5 gxf5 47. Nxe7 Qxe7 48. exf5 Qe1 49. Kh3
Kh6 50. Qf4+ Kh7 51. Qf3 Kh6 52. Qf4+  1/2-1/2

[Event "3rd 4NCL Easter Congress"]
[Site "Mercure Daventry Court Hotel"]
[Date "2023.04.09"]
[Round "5"]
[Board "14"]
[White "Liu, Jason"]
[Black "Mikalajunas, Kajus"]
[Result "1-0"]
[WhiteElo "1965"]
[BlackElo "1806"]
[PlyCount "117"]
[EventDate "2023.04.07"]
[EventRounds "7"]
[EventCountry "ENG"]

1. e4 d5 2. exd5 Nf6 3. Nf3 Qxd5 4. Be2 Bg4 5. O-O Nc6 6. d4 O-O-O 7. c3 e5 8. c4
Qa5 9. d5 Bxf3 10. Bxf3 Nd4 11. Be3 Bc5 12. Nc3 Rhe8 13. a3 Qa6 14. b3 Kb8 15. Na4
Nxf3+ 16. Qxf3 Bxe3 17. Qxe3 Nh5 18. Rad1 Qg6 19. Nc5 Rd6 20. f4 f6 21. fxe5 fxe5
22. Rde1 Nf6 23. Ne6 Nd7 24. c5 Rxd5 25. Nf4 Qc6 26. Nxd5 Qxd5 27. b4 Nf6 28. Rf5
Ng4 29. Qe4 Qd2 30. h3 Nf6 31. Rxe5 Rd8 32. Qe3 Qa2 33. Re7 a5 34. Qe5 Nd5 35. Re8
Rxe8 36. Qxe8+ Ka7 37. Qa4 Nxb4 38. Qxa5+ Na6 39. Qc3 c6 40. Re7 g5 41. Re8 Qd5 42.
Re5 Qd1+ 43. Kh2 Qd8 44. Qe3 h6 45. Re8 Qd5 46. Re6 Qxc5 47. Qxc5+ Nxc5 48. Rxh6
Nb3 49. Rg6 c5 50. Rxg5 Ka6 51. h4 c4 52. Rg3 b5 53. h5 Ka5 54. h6 Nd2 55. h7 Nf1+
56. Kh3 Nxg3 57. Kxg3 Ka4 58. h8=Q Kxa3 59. Qc3+  1-0